000 02209cam a22004814i 4500
003 PE-LiUPU
005 20250731173213.0
008 150625s1987 sp rb 000 0 spa d
035 _a(Sirsi) a32609
040 _aPE-LiUPU
_bspa
_cPE-LiUPU
_erda
049 _aPRUA
082 0 4 _a220.12
_bW48
_221
100 1 _aWestcott, Brooke Foss,
_eautor.
245 1 3 _aEl canon de la sagrada escritura /
_cBrooke Foss Westcott.
264 1 _aBarcelona :
_bClie,
_c1987.
300 _a288 páginas ;
_c20 centímetros
336 _atext
_2rdacontent
337 _aunmediated
_2rdamedia
338 _avolume
_2rdacarrier
504 _aBibliografia al pie de algunas páginas.
505 0 _aLa Biblia en la edad apostólica -- La formación del Nuevo Testamento -- Los padres apostólicos -- La época de los apologistas -- La primera Biblia cristiana -- La Biblia, proscrita y restaurada -- La época de Jerónimo y Agustín -- La Biblia de la edad media en el occidente -- La Biblia de la edad del medio oriente -- La Biblia en el siglo XVI.
526 _aSEG42
526 _aSEG41
526 _aSEG40
526 _aSEG39
526 _aP94
526 _aP87
526 _aP86
526 _aP85
526 _aP77
526 _aP76
526 _aP35
541 _g003-0002819;
541 _g003-0002819;
630 _aBiblia
_xCanon.
910 _bnm
_caj
_d20050311
942 _2ddc
_cBOOK
949 _a220.12 W48
_wDEWEY
_c1
_i32198
_lCCODEBUL1
_mBUL
_p8.00
_r0
_sY
_tBOOK
_u2015-06-25
_xTEOLOGIA
_zUNKNOWN
_0COMPRA
_o.STAFF. Colección General
949 _a220.12 W48
_wDEWEY
_c2
_i53785
_lCCODEBUL1
_mBUL
_p8.00
_r0
_sY
_tBOOK
_u2015-06-25
_xTEOLOGIA
_zUNKNOWN
_0COMPRA
_o.STAFF. Colección General
596 _a1
999 _a220.12 W48
_wDEWEY
_c40280
_i32198
_d40280
_e2019-5-27
_f2019-12-9
_g4
_lDISCARD
_mBUL
_n11
_p8.00
_q2
_r1
_sY
_tBOOK
_u2015-6-25
_xTEOLOGIA
_PP35
_0COMPRA
_o.STAFF. Colección Teología
999 _a220.12 W48
_wDEWEY
_c2
_i53785
_d2019-5-27
_e2018-5-13
_f2021-11-11
_g5
_lCCODEBUL1
_mBUL
_n7
_p8.00
_q4
_r0
_sY
_tBOOK
_u2015-6-25
_xTEOLOGIA
_zUNKNOWN
_0COMPRA
_o.STAFF. Colección Teología
980 _81
_gALBERTO SANCHEZ Responsable de Automatización